000
00270nam a2200109Ia 4500
008
190216s9999||||xx |||||||||||||| ||und||
100
_a
Lenin V I
245
0
_a
"Lenin Selected Works Vol 1,2"
260
_b
"Progress Publishers, Moscow"
650
_a
History
942
_c
BK
999
_c
18843
_d
18843